Music on the Brain (Record no. 335061)
[ view plain ]
| 000 -LEADER | |
|---|---|
| fixed length control field | 00503nam a2200097Ia 4500 |
| 008 - FIXED-LENGTH DATA ELEMENTS--GENERAL INFORMATION | |
| fixed length control field | 170517s9999 xx 000 0 und d |
| 245 ## - TITLE STATEMENT | |
| Title | Music on the Brain |
| 300 ## - PHYSICAL DESCRIPTION | |
| Extent | In an advanced age home in Australia, a substantial number of residents suffer from dementia, a merciless disease which robs them of their memories and their ability to perform even the most rudimentary of daily functions. Caregivers work desperately... |
| 650 ## - SUBJECT ADDED ENTRY--TOPICAL TERM | |
| General subdivision | Technology. |
| 856 ## - ELECTRONIC LOCATION AND ACCESS | |
| Uniform Resource Identifier | <a href="http://topdocumentaryfilms.com/music-brain/">http://topdocumentaryfilms.com/music-brain/</a> |
| Withdrawn status | Lost status | Damaged status | Home library | Current library | Date acquired | Total Checkouts | Date last seen | Price effective from | Koha item type |
|---|---|---|---|---|---|---|---|---|---|
| College Library | College Library | 05/17/2017 | 05/17/2017 | 05/17/2017 | Documentary Films |